| 000 | 01023nam a22003017a 4500 | ||
|---|---|---|---|
| 001 | 4772 | ||
| 003 | FISKH | ||
| 005 | 20241010091234.0 | ||
| 008 | 241010b cb ||||| |||| 00| 0 eng d | ||
| 020 | _a0590455974 | ||
| 040 |
_aFISKH _beng _cFISKH _dFISKH |
||
| 050 | _aTX809.R5 | ||
| 082 | _a641.6 | ||
| 100 |
_aDooley, Norah _d(1886-) |
||
| 245 |
_aEverybody cooks rice / _cBy Norah Dooley, illustrations by Peter J. Thornton |
||
| 250 | _aFirst printing in 1992 | ||
| 260 |
_aNew York : _bScholastic, _c1991. |
||
| 300 |
_a27 pages : _bColor illustrations ; _c19 cm |
||
| 505 | _aR | ||
| 520 | _aA child is sent to find a younger brother at dinnertime and is introduced to a variety of cultures through encountering the many different ways rice is prepared at the different households visited. | ||
| 521 | 8 |
_a690L
_bLexile |
|
| 521 | 8 |
_aR
_bRaz-Plus |
|
| 650 |
_2Food _aCooking _vChina |
||
| 651 |
_2Family _aCulture |
||
| 700 |
_aJ.Thornton, Peter _dIllustrator |
||
| 942 |
_2ddc _cBK _n0 |
||
| 999 |
_c4772 _d4772 |
||